Aquatic sciences and fisheries abstracts ASFA 2, Ocean technology, policy and non-living resources

Αποθηκεύτηκε σε:
Λεπτομέρειες βιβλιογραφικής εγγραφής
Μορφή: Περιοδική έκδοση
Γλώσσα:English
Δημοσίευση: Bethesda, MD : Cambridge Scientific Abstracts, c1978-
Θέματα:
Ετικέτες: Προσθήκη ετικέτας
Δεν υπάρχουν, Καταχωρήστε ετικέτα πρώτοι!

MARC

LEADER 00000nas a2200000 i 4500
001 1/34722
008 030326c1978 us eng d
022 |a 01405381 
035 |l 10069748 
040 |a GR-MY-UA  |b gre  |e aacr 
041 0 |a eng 
082 0 |a 551 
245 1 0 |a Aquatic sciences and fisheries abstracts  |h [περιοδικό].  |n ASFA 2,  |p Ocean technology, policy and non-living resources 
246 3 3 |a ASFA 2 [περιοδικό] 
260 |a Bethesda, MD :   |b Cambridge Scientific Abstracts,   |c c1978- 
300 |a v.;  |c 23εκ. 
310 |a Διμηνιαίο, 2004- ; Προηγούμενη συχνότητα: μηνιαίο 
500 |a Compiled by the United Nations Dept. of Economic and Social Affairs, the Food and Agriculture Organization of the United Nations and the Intergovernmental Oceanographic Commission with the collaboration of other agencies 
500 |a "Combined annual cumulative index", Vol.31 (2001), Οπτικός δίσκος λέϊζερ 
650 0 0 |a Oceanography  |x Abstracts  |x Periodicals. 
650 0 0 |a Ocean engineering  |x Abstracts  |x Periodicals. 
650 0 0 |a Aquatic biology  |x Abstracts  |x Periodicals. 
650 0 0 |a Marine resources  |x Abstracts  |x Periodicals. 
853 |a INST  |b LESVOS  |c SER  |h 639.3016 
970 |a ΤΖΑΦΕΡΗ  |b ΕΥΑΓΓΕΛΙΑ  |z 2003/03/19